| 000 | nam a22 7a 4500 | ||
|---|---|---|---|
| 999 |
_c128473 _d128473 |
||
| 008 | 181101b xxu||||| |||| 00| 0 eng d | ||
| 050 |
_aBX3756.I32 _bD295 |
||
| 100 |
_aDecloux, Simon _943198 |
||
| 245 |
_aCommentaries on the letters and spiritual diary of St. Ignatius Loyola _bplus the autograph text of the Spiritual diary _cSimon Decloux |
||
| 260 |
_aRoma _bCentrum Ignatianum Spiritualitatis _c1980 |
||
| 300 |
_a196p. ; _c24cm. |
||
| 600 |
_aIgnatius, St. _938485 |
||
| 942 |
_2lcc _cMONOGRAPH |
||